000 00378nam a2200157Ia 4500
008 151213s9999 xx 000 0 und d
100 _aS.Biswas
245 _aSamsad English - Bengali Dictionary
_cS.Biswas
250 _a5th
260 _aKolkata
_bSamitya Samsad
_c2004
300 _a2557 p.
650 _aEnglish
650 _aEnglish
700 _aS.Biswas
999 _c1720
_d1720